000 00763nam a22002657a 4500
001 6777
003 FISKH
005 20250527143313.0
008 250527b cb ||||| |||| 00| 0 eng d
020 _a9781600449291
040 _aFISKH
_beng
_cFISKH
_dFISKH
050 _aQL666.O69 O39
082 _a597.96
100 _aO'Hare, Ted
245 _aCopperheads /
_cTed O'Hare
260 _aFlorida,
_bRourke Publishing,
_c2005.
300 _a24 pages :
_bcolor illustrations ;
_c19 cm
505 _aL
520 _aA description of copperheads, where they can be found, what they eat, and their danger to humans.
521 8 _a510
_bLexile estimate
521 8 _aL
_bRaz-Plus
650 _aReptiles
942 _2ddc
_cBK
_n0
999 _c6777
_d6777